000 00778nam a22002057a 4500
999 _c5173
_d5173
003 AR-CdUCM
008 190312b ||||| |||| 00| 0 spa d
040 _aMUNICIPALIDAD PROVINCIAL DEL CUSCO
_cBIBLIOTECA MUNICIPAL DEL CUSCO
082 _a364.374 /
_bR24
100 _aRamos Alva, Alfonso
_915706
245 _aLa Socialización Delictiva de la Mujer /
260 _aLima :
_bDeara,
_c1972.
300 _a195 paginas ;
_btablas, graficos,
_c21cm.
505 _aContenido: La investigación -- El problema del metodo -- etiologia del delito -- Teorias sociologicas -- la hipotesis del trabajo y las variables del analisis...
650 _aSociologia Criminal
_915707
650 _aPerú
_935
650 _aDelincuencia Femenina
_915708
942 _2ddc
_cLIBROS
945 _apjha